Imiona na F - Statystyki

Ogólne statystyki
  • Ten quiz został rozwiązany 37 razy
  • Średni wynik to 11 z 24
Statystyki odpowiedzi
Hint Odpowiedź % Poprawnych
m Franciszek
94%
ż Franciszka
94%
m Filip
81%
m Fabian
78%
ż Felicja
66%
m Florian
66%
m Faustyn
63%
ż Filipa
63%
ż Faustyna
59%
m Felicjan
56%
m Feliks
56%
ż Fabiana
50%
m Florentyn
47%
ż Feliksa
41%
ż Flora
41%
ż Florentyna
41%
m Fryderyk
34%
m Ferdynand
28%
ż Fiona
28%
ż Fryderyka
28%
m Filemon
16%
ż Filemona
13%
m Festus
3%
m Filon
3%
Nie znaleziono quizów pasujących do podanych kryteriów
Rozkład punktacji
Procent ludzi z każdym wynikiem
Percentyl według liczby udzielonych odpowiedzi
Twoja historia wyników
Nie rozwiązałeś tego quizu